Responses for show #507 - Tuesday, November 18, 1986

1986 Tournament of Champions semifinal game 2.

Contestants

[<< previous game]

Gary Giardina, an opera singer from New York City, New York

Jay Rosenberg, a professor of philosophy from Chapel Hill, North Carolina

Chuck Forrest, a law student from Grand Blanc, Michigan

[next game >>]

Jeopardy! Round responses

WORLD CITIES
CRIME
WESTERN STARS
ALLITERATIVES
TATTOOS
MUSICAL WOOD
    $100 1
Amsterdam

Gary
    $100 15
espionage

Jay
    $100 21
John Wayne

Jay
    $100 2
Big Bird

Chuck
    $100 6
the Bible

Chuck
    $100 11
hickory stick

Chuck
    $200 3
Leningrad

Chuck
    $200 17
Soldier of Fortune

Chuck
    $200 27
sugarfoot

Jay
    $200 4
Ratso Rizzo

Chuck
    $200 13
hepatitis

Chuck
    $200 14
swings through the trees

Triple Stumper
    $300 5
Vienna

Gary
    $300 18
West Virginia

Chuck
    $300 28
Clint Eastwood

Gary
    $300 9
credit card

Jay
    $300 16
rose tattoo

Gary
    $300 22
redwood (forest)

Chuck
    $600 7
Mexico City, Munich, Montreal and Moscow

Chuck
    $400 23
yakuza

Chuck
    $400 29
Annie Oakley

Gary
    $400 10
Tommy Tune

Gary
    $400 19
Captain Cook

Jay
    $400 24
sit under the apple tree

Chuck
    $500 8
Paris

Chuck
    $500 25
Jean Harris

Triple Stumper
    $500 30
David Carradine

Jay
    $500 12
Steven Spielberg

Jay
    $500 20
Maoris

Gary
    $500 26
Woody Herman

Jay

Scores at the first commercial break (after clue 13):

Chuck Jay Gary
$2,000 $800 $800

Scores at the end of the Jeopardy! Round:

Chuck Jay Gary
$3,600 $2,600 $2,300

Double Jeopardy! Round responses

19th CENTURY
FACTS & FIGURES
TRANSPORTATION
FOOTBALL
BALLET
SPELLING
(Alex: And in this spelling category you have to spell the response. What is automobile? You would spell A-U-T-O-M-O-B-I-L-E.)
    $200 5
stethoscope

Chuck
    $200 4
pitcher

Chuck
    $200 15
Concorde

Gary
    $200 24
(Jay: Who is Bear Bryant?)

Vince Lombardi

ChuckJay
    $200 1
A Streetcar Named Desire

Gary
    $200 6
(Gary: What is M-I-N-E-L-L-I?)

M-I-N-N-E-L-L-I

ChuckGary
    $400 7
Brazil

Chuck
    $400 8
one

Triple Stumper
    $400 16
submarines

Jay
    $400 25
Big 10 and Pac 8/Pac 10

Chuck
    $1,500 2
(Alex: Afternoon of a Faun was the music.)

Nijinsky

Gary
    $400 19
(Jay: What is G-H-A-N-D-I?)

G-A-N-D-H-I

ChuckJay
    $600 9
(Chuck: What are Ontario and Prince Edward Island?)

(2 of) Ontario, Quebec, New Brunswick and Nova Scotia

Chuck
    $600 11
Lockheed

Chuck
    $600 17
Mercedes

Gary
    $600 26
Bud Wilkinson

Triple Stumper
    $600 3
Hoffmann

Jay
    $600 21
(Gary: What is G-U-M-B-L-E?)

(Bryant) G-U-M-B-E-L

JayGary
    $800 10
Russia

Chuck
    $800 12
(Gary: What is the Wheel of Fortune?)

The Price Is Right

Gary
Triple Stumper
    $800 20
(Gary: What is the Bonneville Salt Flats?)

bicycle

ChuckGary
    $800 27
(Jay: What is UCLA?)
...
(Alex: We're thinking of the Crimson Tide of [*].)
[A single audience member clapped either at the mention of UCLA or at Jay missing.]

Alabama

Jay
Triple Stumper
    $800 18
American

Chuck
    $800 23
R-E-H-N-Q-U-I-S-T

Chuck
    $1000 13
source of the Nile

Chuck
    $1000 14
Nixon and Kennedy

Chuck
    $1000 22
(Jay: What is a harness?)

padded horse collar

Jay
Triple Stumper
    $1000 29
On The Town

Gary
    $1000 28
C-Y-B-I-L-L S-H-E-P-H-E-R-D

Gary

Scores at the end of the Double Jeopardy! Round:

Chuck Jay Gary
$10,800 $1,800 $4,400
(lock game)

[wagering suggestions for these scores]

Final Jeopardy! Round responses

U.S. HISTORY
(Alex: The first one and the most recent.)
JayWhat are WWI Korea & Vietnam?
$700
GaryWhat are the Civil & Vietnam Wars?
$4,400
ChuckWhat are Vietnam and the Revol.?
$200
Vietnam and the Revolutionary War

Final scores:

Chuck Jay Gary
$11,000 $1,100 $0
Finalist 2nd place: $5,000 3rd place: $5,000

Game dynamics:

Coryat scores:

Chuck Jay Gary
$11,200 $1,800 $3,300
27 R
(including 1 DD),
1 W
(including 1 DD)
11 R,
4 W
13 R
(including 1 DD),
4 W

Combined Coryat: $16,300

The J! Archive is created by fans, for fans. The Jeopardy! game show and all elements thereof, including but not limited to copyright and trademark thereto, are the property of Jeopardy Productions, Inc. and are protected under law. This website is not affiliated with, sponsored by, or operated by Jeopardy Productions, Inc. Join the discussion at JBoard.tv.